Nezamestnanosť ako indikátor ekonomického procesu

Bibliographic Details
Main Author: Nováková, Michaela, 1977- (Author)
Format: Article
Language:Slovak
Subjects:

MARC

LEADER 00000nab a2200000 a 4500
001 vtls008985715
003 SK-MaSNL
005 20260304143518.0
008 250505c2007 xo qr|p|||||||000 b|slo
015 |a SNBRB2007/05  |2 snkbucl 
035 |a (uuid)b435523b-8ec3-469b-95ec-b866440eaffd 
035 |a urn:nbn:sk:snk-ab1038 
035 |a (urnnbn)urn:nbn:sk:snk:ar-a04kdr 
038 |a SNKBUCL 
040 |a SNKBUCL  |b slo  |c SNKBUCL  |e AACR2 
041 0 |a slo  |b eng  |b slo 
044 |a xo  |c SK 
080 |a 331.56  |2 2001 
100 1 |a Nováková, Michaela,  |d 1977-  |4 aut  |9 216083 
245 1 0 |a Nezamestnanosť ako indikátor ekonomického procesu  |c Michaela Pechová 
300 |b Tab. 
504 |a Bibliogr. odkazy 
546 |a Res. angl., slov. 
650 0 7 |a nezamestnanosť  |2 snkbucl  |9 4271 
773 0 |t Nová ekonomika = The New Economy  |g Roč. 6., č. 1 (18) (2007), s. 91-95  |x 1336-1732 
850 |a Slovenská národná knižnica 
852 |a Slovenská národná knižnica 
954 |a odborná, vedecká literatúra pôvodná (slovenská)  |2 lita 
958 |a article2022 
958 |a NB 
958 |a OND 
958 |a EUIPO 
999 |c 2925821  |d 2927751